000 00488nam a2200169 i 4500
001 98459
003 ES-MaACL
005 20230906182305.0
007 t|
008 050908q19001999sp ||||1| spa d
100 1 _aPeñalver Laserna, Javier.
_990312
245 1 0 _aDiario de niño en la guerra de España /
_c[Juan Peñalver Laserna].
260 _a[S.l. :
_bs.n.,
_c19-]
300 _a128 p. ;
_c23 cm.
852 _aES-MaACL
_jC-23604
_bR.52449
852 _aES-MaACL
_jC-27794
_bR.55591
999 _c98459
_d98459